[Event "British Rapidplay Championship 2023"]
[Site "Mercure Bradford, Bankfield Hotel"]
[Date "2023.04.15"]
[Round "5.9"]
[White "Khoury, Theo"]
[Black "Kairat, Alexander"]
[Result "1-0"]
[TimeControl "All moves in 15 minutes plus 10 second increment per move from move 1"]
[WhiteElo "1990"]
[BlackElo "1618"]

1. e4 {[%clk 00:15:17]} {[%emt 00:00:02]} c5 {[%clk 00:15:19]} {[%emt
00:00:02]} 2. c3 {[%clk 00:15:25]} {[%emt 00:00:02]} Nc6 {[%clk 00:15:27]}
{[%emt 00:00:02]} 3. d4 {[%clk 00:15:34]} {[%emt 00:00:01]} cxd4 {[%clk
00:15:36]} {[%emt 00:00:02]} 4. cxd4 {[%clk 00:15:43]} {[%emt 00:00:01]} d5
{[%clk 00:15:44]} {[%emt 00:00:02]} 5. exd5 {[%clk 00:15:51]} {[%emt 00:00:02]}
Qxd5 {[%clk 00:15:52]} {[%emt 00:00:02]} 6. Nf3 {[%clk 00:15:59]} {[%emt
00:00:02]} Bg4 {[%clk 00:16:00]} {[%emt 00:00:02]} 7. Nc3 {[%clk 00:16:08]}
Bxf3 {[%clk 00:15:55]} {[%emt 00:00:14]} 8. Nxd5 {[%clk 00:16:16]} {[%emt
00:00:03]} Bxd1 {[%clk 00:16:03]} {[%emt 00:00:01]} 9. Nc7+ {[%clk 00:16:25]}
{[%emt 00:00:02]} Kd7 {[%emt 00:00:02]} 10. Nxa8 {[%clk 00:16:33]} {[%emt
00:00:01]} Bg4 {[%clk 00:16:10]} {[%emt 00:00:11]} 11. d5 {[%clk 00:16:36]}
{[%emt 00:00:08]} Nb4 {[%clk 00:16:07]} {[%emt 00:00:13]} 12. Bb5+ {[%clk
00:16:30]} {[%emt 00:00:15]} Kd8 {[%clk 00:15:45]} {[%emt 00:00:32]} 13. Bf4
{[%clk 00:15:42]} {[%emt 00:00:59]} Nc2+ {[%clk 00:15:52]} {[%emt 00:00:03]} 14.
Kd2 {[%clk 00:15:51]} {[%emt 00:00:01]} Nxa1 {[%clk 00:15:56]} {[%emt
00:00:06]} 15. Bc7+ {[%clk 00:15:59]} {[%emt 00:00:02]} Kc8 {[%clk 00:16:03]}
{[%emt 00:00:02]} 16. Rc1 {[%clk 00:15:58]} {[%emt 00:00:11]} g6 {[%clk
00:15:43]} {[%emt 00:00:30]} 17. Be5+ {[%clk 00:13:00]} {[%emt 00:03:08]} Kd8
{[%clk 00:15:51]} {[%emt 00:00:02]} 18. Rxa1 {[%clk 00:12:49]} {[%emt
00:00:22]} f6 {[%clk 00:15:45]} {[%emt 00:00:16]} 19. Bc7+ {[%clk 00:12:50]}
{[%emt 00:00:09]} Kc8 {[%clk 00:15:52]} {[%emt 00:00:03]} 20. Rc1 {[%clk
00:12:50]} {[%emt 00:00:09]} Bh6+ {[%clk 00:15:58]} {[%emt 00:00:03]} 21. f4
{[%clk 00:12:56]} {[%emt 00:00:06]} Bf5 {[%clk 00:15:25]} {[%emt 00:00:43]} 22.
h3 {[%clk 00:12:40]} {[%emt 00:00:26]} g5 {[%clk 00:15:17]} {[%emt 00:00:18]}
23. g4 {[%clk 00:12:19]} {[%emt 00:00:30]} gxf4 {[%clk 00:15:15]} {[%emt
00:00:12]} 24. gxf5 {[%clk 00:12:21]} {[%emt 00:00:08]} f3+ {[%clk 00:15:23]}
{[%emt 00:00:02]} 25. Bf4+ {[%clk 00:12:30]} {[%emt 00:00:02]} Kd8 {[%clk
00:15:31]} {[%emt 00:00:02]} 26. Bxh6 {[%clk 00:12:30]} {[%emt 00:00:10]} Nxh6
{[%clk 00:15:38]} {[%emt 00:00:02]} 27. Nc7 {[%clk 00:12:39]} {[%emt 00:00:02]}
a6 {[%clk 00:15:19]} {[%emt 00:00:29]} 28. Ne6# {[%clk 00:12:35]} {[%emt
00:00:04]} 1-0

[Event "British Rapidplay Championship 2023"]
[Site "Mercure Bradford, Bankfield Hotel"]
[Date "2023.04.15"]
[Round "5.10"]
[White "Sisupalan, Beni"]
[Black "Cansdale, Zachary"]
[Result "0-1"]
[TimeControl "All moves in 15 minutes plus 10 second increment per move from move 1"]
[WhiteElo "1497"]
[BlackElo "1975"]

1. e4 {[%clk 00:15:19]} c6 {[%clk 00:15:18]} {[%emt 00:00:03]} 2. d4 {[%clk
00:15:28]} {[%emt 00:00:02]} d5 {[%clk 00:15:26]} {[%emt 00:00:01]} 3. e5
{[%clk 00:15:36]} {[%emt 00:00:01]} c5 {[%clk 00:15:35]} {[%emt 00:00:02]} 4.
c3 {[%clk 00:15:45]} {[%emt 00:00:01]} Nc6 {[%clk 00:15:43]} {[%emt 00:00:02]}
5. Nf3 {[%clk 00:15:52]} {[%emt 00:00:02]} cxd4 {[%clk 00:15:51]} {[%emt
00:00:03]} 6. cxd4 {[%clk 00:16:01]} {[%emt 00:00:01]} Bg4 {[%clk 00:16:00]}
{[%emt 00:00:01]} 7. Be2 {[%clk 00:15:58]} {[%emt 00:00:12]} e6 {[%clk
00:16:09]} {[%emt 00:00:02]} 8. h3 {[%clk 00:15:40]} {[%emt 00:00:28]} Bxf3
{[%clk 00:16:16]} {[%emt 00:00:03]} 9. Bxf3 {[%clk 00:15:48]} {[%emt 00:00:02]}
Nge7 {[%clk 00:16:25]} 10. Be3 {[%clk 00:15:41]} {[%emt 00:00:16]} Nf5 {[%clk
00:16:33]} {[%emt 00:00:03]} 11. g4 {[%clk 00:15:26]} {[%emt 00:00:24]} Nxe3
{[%clk 00:16:15]} {[%emt 00:00:28]} 12. fxe3 {[%clk 00:15:34]} {[%emt
00:00:02]} Qh4+ {[%clk 00:16:23]} {[%emt 00:00:03]} 13. Ke2 {[%clk 00:15:36]}
{[%emt 00:00:08]} Be7 {[%clk 00:15:03]} {[%emt 00:01:29]} 14. Nc3 {[%clk
00:15:27]} {[%emt 00:00:19]} O-O {[%clk 00:15:08]} {[%emt 00:00:05]} 15. Qe1
{[%clk 00:15:27]} {[%emt 00:00:12]} Qh6 {[%clk 00:15:05]} {[%emt 00:00:12]} 16.
Qg3 {[%clk 00:15:13]} {[%emt 00:00:23]} Bh4 {[%clk 00:14:30]} {[%emt 00:00:46]}
17. Qg2 {[%clk 00:15:15]} {[%emt 00:00:07]} f6 {[%clk 00:14:29]} {[%emt
00:00:11]} 18. exf6 {[%clk 00:15:01]} {[%emt 00:00:24]} Rxf6 {[%clk 00:13:21]}
{[%emt 00:01:18]} 19. Rag1 {[%clk 00:14:05]} {[%emt 00:01:06]} g5 {[%clk
00:11:18]} {[%emt 00:02:14]} 20. Rc1 {[%clk 00:13:24]} {[%emt 00:00:51]} Raf8
{[%clk 00:11:25]} {[%emt 00:00:03]} 21. Rhf1 {[%clk 00:13:29]} {[%emt
00:00:04]} Qg6 {[%clk 00:11:16]} {[%emt 00:00:19]} 22. Na4 {[%clk 00:12:19]}
{[%emt 00:01:21]} Nb4 {[%clk 00:11:06]} {[%emt 00:00:20]} 23. Nc5 {[%clk
00:10:44]} {[%emt 00:01:46]} b6 {[%clk 00:11:04]} {[%emt 00:00:12]} 24. a3
{[%clk 00:10:07]} {[%emt 00:00:47]} bxc5 {[%clk 00:10:58]} {[%emt 00:00:16]} 25.
axb4 {[%clk 00:10:14]} {[%emt 00:00:02]} c4 {[%clk 00:10:58]} {[%emt 00:00:10]}
26. Rc3 {[%clk 00:09:44]} {[%emt 00:00:40]} Qf7 {[%clk 00:11:07]} {[%emt
00:00:01]} 27. b3 {[%clk 00:09:31]} {[%emt 00:00:23]} Qe7 {[%clk 00:10:26]}
{[%emt 00:00:50]} 28. Kd2 {[%clk 00:08:43]} {[%emt 00:00:59]} Qxb4 {[%clk
00:10:32]} {[%emt 00:00:04]} 29. bxc4 {[%clk 00:08:30]} {[%emt 00:00:22]} dxc4
{[%clk 00:10:04]} {[%emt 00:00:39]} 30. Qe2 {[%clk 00:08:18]} {[%emt 00:00:22]}
Qb2+ {[%clk 00:09:55]} {[%emt 00:00:20]} 31. Rc2 {[%clk 00:08:24]} {[%emt
00:00:03]} c3+ {[%clk 00:09:51]} {[%emt 00:00:14]} 32. Kd1 {[%clk 00:07:09]}
{[%emt 00:01:24]} Qb1+ {[%clk 00:09:38]} {[%emt 00:00:24]} 33. Rc1 {[%clk
00:07:15]} {[%emt 00:00:04]} c2+ {[%clk 00:09:27]} {[%emt 00:00:21]} 34. Kd2
{[%clk 00:07:05]} {[%emt 00:00:20]} Qb4+ {[%clk 00:09:30]} {[%emt 00:00:08]} 35.
Kd3 {[%clk 00:05:40]} {[%emt 00:01:34]} Rc8 {[%clk 00:09:08]} {[%emt 00:00:31]}
36. Qh2 {[%clk 00:04:14]} {[%emt 00:01:37]} Rc3+ {[%clk 00:07:49]} {[%emt
00:01:29]} 37. Kd2 {[%clk 00:03:06]} {[%emt 00:01:17]} Rb3+ {[%clk 00:07:57]}
{[%emt 00:00:03]} 38. Kxc2 {[%clk 00:02:28]} {[%emt 00:00:49]} Rb2+ {[%clk
00:08:04]} {[%emt 00:00:02]} 39. Kd3 {[%clk 00:02:32]} {[%emt 00:00:05]} Rxh2
{[%clk 00:08:11]} {[%emt 00:00:04]} 40. Rc8+ {[%clk 00:02:40]} {[%emt
00:00:03]} Kg7 {[%clk 00:08:17]} {[%emt 00:00:03]} 41. Rc7+ {[%clk 00:02:48]}
{[%emt 00:00:02]} Kh6 {[%clk 00:08:03]} {[%emt 00:00:24]} 42. Rh1 {[%clk
00:02:29]} {[%emt 00:00:28]} Rxh1 {[%clk 00:07:32]} {[%emt 00:00:42]} 43. Be4
{[%clk 00:02:29]} {[%emt 00:00:09]} Rd1+ {[%clk 00:07:39]} {[%emt 00:00:03]} 44.
Ke2 {[%clk 00:02:38]} {[%emt 00:00:02]} Qd2# {[%clk 00:07:35]} {[%emt
00:00:02]} 0-1

[Event "British Rapidplay Championship 2023"]
[Site "Mercure Bradford, Bankfield Hotel"]
[Date "2023.04.15"]
[Round "5.12"]
[White "Bak, Andrew"]
[Black "Barton, Ben"]
[Result "1-0"]
[TimeControl "All moves in 15 minutes plus 10 second increment per move from move 1"]
[WhiteElo "1959"]
[BlackElo "1577"]

1. e4 {[%clk 00:15:18]} {[%emt 00:00:01]} c5 {[%clk 00:15:18]} {[%emt
00:00:03]} 2. Nf3 {[%clk 00:15:26]} {[%emt 00:00:02]} Nc6 {[%clk 00:15:24]}
{[%emt 00:00:03]} 3. d4 {[%clk 00:15:34]} {[%emt 00:00:02]} cxd4 {[%clk
00:15:33]} {[%emt 00:00:02]} 4. Nxd4 {[%clk 00:15:42]} e5 {[%clk 00:15:37]}
{[%emt 00:00:06]} 5. Nb5 {[%clk 00:15:49]} {[%emt 00:00:03]} Nf6 {[%clk
00:15:46]} {[%emt 00:00:01]} 6. Bg5 {[%clk 00:15:43]} {[%emt 00:00:16]} a6
{[%clk 00:15:45]} {[%emt 00:00:11]} 7. Nd6+ {[%clk 00:15:44]} {[%emt 00:00:09]}
Bxd6 {[%clk 00:15:38]} {[%emt 00:00:17]} 8. Qxd6 {[%clk 00:15:51]} {[%emt
00:00:03]} Qa5+ {[%clk 00:14:53]} {[%emt 00:00:56]} 9. Bd2 {[%clk 00:15:18]}
{[%emt 00:00:42]} Nxe4 {[%clk 00:14:46]} {[%emt 00:00:17]} 10. Bxa5 {[%clk
00:11:52]} {[%emt 00:03:36]} Nxd6 {[%clk 00:14:48]} {[%emt 00:00:08]} 11. Bc3
{[%clk 00:11:18]} {[%emt 00:00:43]} O-O {[%clk 00:14:51]} {[%emt 00:00:07]} 12.
Nd2 {[%clk 00:11:22]} {[%emt 00:00:07]} b5 {[%clk 00:14:30]} {[%emt 00:00:31]}
13. a3 {[%clk 00:11:26]} {[%emt 00:00:06]} Bb7 {[%clk 00:14:35]} {[%emt
00:00:05]} 14. O-O-O {[%clk 00:11:10]} {[%emt 00:00:26]} Rfe8 {[%clk 00:12:34]}
{[%emt 00:02:11]} 15. h4 {[%clk 00:10:07]} {[%emt 00:01:13]} Rad8 {[%clk
00:12:12]} {[%emt 00:00:32]} 16. h5 {[%clk 00:09:53]} {[%emt 00:00:24]} a5
{[%clk 00:12:03]} {[%emt 00:00:20]} 17. b3 {[%clk 00:09:11]} {[%emt 00:00:51]}
b4 {[%clk 00:11:31]} {[%emt 00:00:43]} 18. Bb2 {[%clk 00:08:55]} {[%emt
00:00:25]} f6 {[%clk 00:09:31]} {[%emt 00:02:10]} 19. a4 {[%clk 00:08:40]}
{[%emt 00:00:25]} Kh8 {[%clk 00:08:29]} {[%emt 00:01:12]} 20. Rg1 {[%clk
00:08:08]} {[%emt 00:00:41]} Nf5 {[%clk 00:07:56]} {[%emt 00:00:44]} 21. Nc4
{[%clk 00:07:47]} {[%emt 00:00:31]} d5 {[%clk 00:07:29]} {[%emt 00:00:37]} 22.
Nb6 {[%clk 00:07:28]} {[%emt 00:00:29]} Ncd4 {[%clk 00:07:07]} {[%emt
00:00:30]} 23. g4 {[%clk 00:05:13]} {[%emt 00:02:27]} Nf3 {[%clk 00:07:07]}
{[%emt 00:00:10]} 24. Bb5 {[%clk 00:05:18]} {[%emt 00:00:05]} Nxg1 {[%clk
00:06:02]} {[%emt 00:01:15]} 25. Bxe8 {[%clk 00:05:04]} {[%emt 00:00:24]} Rxe8
{[%clk 00:05:34]} {[%emt 00:00:38]} 26. Rxg1 {[%clk 00:05:03]} {[%emt
00:00:11]} Nh6 {[%clk 00:04:46]} {[%emt 00:00:59]} 27. g5 {[%clk 00:04:19]}
{[%emt 00:00:53]} Nf7 {[%clk 00:04:54]} {[%emt 00:00:02]} 28. gxf6 {[%clk
00:04:17]} {[%emt 00:00:12]} gxf6 {[%emt 00:01:05]} 29. f4 {[%clk 00:03:24]}
Rd8 {[%clk 00:04:50]} {[%emt 00:00:22]} 30. h6 {[%clk 00:02:58]} {[%emt
00:00:36]} Rg8 {[%clk 00:03:20]} {[%emt 00:01:41]} 31. Re1 {[%clk 00:02:11]}
{[%emt 00:00:56]} d4 {[%clk 00:02:50]} {[%emt 00:00:40]} 32. Nd7 {[%clk
00:01:52]} {[%emt 00:00:30]} Rg4 {[%clk 00:00:44]} {[%emt 00:02:12]} 33. fxe5
{[%clk 00:01:24]} {[%emt 00:00:41]} fxe5 {[%clk 00:00:53]} 34. Nxe5 {[%clk
00:01:13]} {[%emt 00:00:21]} Nxe5 {[%clk 00:01:02]} {[%emt 00:00:02]} 35. Rxe5
{[%clk 00:01:20]} {[%emt 00:00:02]} Rg1+ {[%clk 00:01:02]} {[%emt 00:00:10]} 36.
Kd2 {[%clk 00:01:29]} {[%emt 00:00:01]} Rg2+ {[%clk 00:00:46]} {[%emt
00:00:26]} 37. Kd3 {[%clk 00:01:32]} {[%emt 00:00:07]} Ba6+ {[%clk 00:00:46]}
{[%emt 00:00:09]} 38. Kxd4 {[%clk 00:01:37]} {[%emt 00:00:05]} Rd2+ {[%clk
00:00:53]} {[%emt 00:00:04]} 39. Kc5 {[%clk 00:01:38]} {[%emt 00:00:09]} Kg8
{[%clk 00:00:33]} {[%emt 00:00:30]} 40. Kb6 {[%clk 00:01:13]} {[%emt 00:00:36]}
Rd6+ {[%clk 00:00:27]} {[%emt 00:00:15]} 41. Kxa5 {[%clk 00:01:20]} {[%emt
00:00:03]} Rxh6 {[%clk 00:00:30]} {[%emt 00:00:08]} 42. Rg5+ {[%clk 00:01:04]}
{[%emt 00:00:25]} Kf7 {[%clk 00:00:36]} {[%emt 00:00:04]} 43. Rg7+ {[%clk
00:01:12]} {[%emt 00:00:02]} Ke8 {[%clk 00:00:39]} {[%emt 00:00:04]} 44. Kxb4
{[%clk 00:01:16]} {[%emt 00:00:07]} Bf1 {[%clk 00:00:33]} {[%emt 00:00:12]} 45.
c4 {[%clk 00:01:18]} {[%emt 00:00:14]} Rb6+ {[%clk 00:00:32]} {[%emt 00:00:11]}
46. Ka3 {[%clk 00:01:14]} {[%emt 00:00:10]} Bd3 {[%clk 00:00:30]} {[%emt
00:00:14]} 47. c5 {[%clk 00:01:09]} {[%emt 00:00:17]} Ra6 {[%clk 00:00:24]}
{[%emt 00:00:13]} 48. Rg3 {[%clk 00:00:30]} {[%emt 00:00:52]} Bf5 {[%clk
00:00:21]} {[%emt 00:00:13]} 49. Kb4 {[%clk 00:00:14]} {[%emt 00:00:26]} Kd7
{[%clk 00:00:23]} {[%emt 00:00:08]} 50. Rf3 {[%clk 00:00:11]} {[%emt 00:00:13]}
Bg6 {[%clk 00:00:26]} {[%emt 00:00:07]} 51. Re3 {[%clk 00:00:19]} {[%emt
00:00:02]} h5 {[%clk 00:00:13]} {[%emt 00:00:23]} 52. Kb5 {[%clk 00:00:28]}
{[%emt 00:00:01]} Ra8 {[%clk 00:00:17]} {[%emt 00:00:06]} 53. c6+ {[%clk
00:00:33]} {[%emt 00:00:04]} Kc7 {[%clk 00:00:23]} {[%emt 00:00:04]} 54. Be5+
{[%clk 00:00:36]} {[%emt 00:00:07]} Kc8 {[%clk 00:00:32]} {[%emt 00:00:02]} 55.
Bg3 {[%clk 00:00:41]} {[%emt 00:00:04]} Ra7 {[%clk 00:00:40]} {[%emt 00:00:03]}
56. Kb6 {[%clk 00:00:40]} {[%emt 00:00:11]} Rg7 {[%clk 00:00:35]} {[%emt
00:00:09]} 57. a5 {[%clk 00:00:45]} {[%emt 00:00:10]} Kd8 {[%clk 00:00:19]}
{[%emt 00:00:26]} 58. a6 {[%clk 00:00:52]} {[%emt 00:00:02]} h4 {[%clk
00:00:14]} {[%emt 00:00:16]} 59. Bxh4+ {[%clk 00:00:59]} {[%emt 00:00:03]} Kc8
{[%clk 00:00:25]} {[%emt 00:00:19]} 60. a7 {[%clk 00:01:11]} {[%emt 00:00:06]}
Rxa7 {[%clk 00:00:27]} {[%emt 00:00:09]} 61. Kxa7 {[%clk 00:01:18]} {[%emt
00:00:02]} Kc7 {[%clk 00:00:36]} 62. Re7 {[%clk 00:01:21]} {[%emt 00:00:07]}
Kd6 {[%clk 00:00:43]} {[%emt 00:00:03]} 63. c7 {[%clk 00:01:26]} {[%emt
00:00:05]} Bf5 {[%clk 00:00:52]} 64. Kb8 {[%clk 00:01:29]} {[%emt 00:00:07]}
Kc6 {[%clk 00:00:51]} {[%emt 00:00:11]} 65. c8=Q+ {[%clk 00:01:34]} {[%emt
00:00:05]} Kb6 {[%clk 00:01:00]} 66. Bf2+ {[%clk 00:01:37]} {[%emt 00:00:07]}
Kb5 {[%clk 00:01:08]} {[%emt 00:00:02]} 67. Qc5+ {[%clk 00:01:43]} {[%emt
00:00:04]} Ka6 {[%clk 00:01:16]} {[%emt 00:00:03]} 68. Ra7# {[%clk 00:01:40]}
{[%emt 00:00:02]} 1-0

[Event "British Rapidplay Championship 2023"]
[Site "Mercure Bradford, Bankfield Hotel"]
[Date "2023.04.15"]
[Round "5.13"]
[White "Day, Paul G"]
[Black "Mata, Andrew B"]
[Result "0-1"]
[TimeControl "All moves in 15 minutes plus 10 second increment per move from move 1"]
[WhiteElo "1627"]
[BlackElo "1912"]

1. e4 {[%clk 00:15:17]} {[%emt 00:00:03]} c6 {[%clk 00:15:18]} {[%emt
00:00:03]} 2. Nc3 {[%clk 00:15:18]} {[%emt 00:00:09]} d5 {[%clk 00:15:24]}
{[%emt 00:00:03]} 3. exd5 {[%clk 00:15:14]} {[%emt 00:00:14]} cxd5 {[%clk
00:15:31]} {[%emt 00:00:03]} 4. d4 {[%clk 00:15:15]} {[%emt 00:00:09]} Bf5
{[%clk 00:15:17]} {[%emt 00:00:24]} 5. Qf3 {[%clk 00:14:54]} {[%emt 00:00:31]}
e6 {[%clk 00:15:20]} {[%emt 00:00:07]} 6. Nge2 {[%clk 00:14:36]} {[%emt
00:00:27]} Nf6 {[%clk 00:14:54]} {[%emt 00:00:37]} 7. Ng3 {[%clk 00:14:15]}
{[%emt 00:00:31]} Bxc2 {[%clk 00:14:30]} {[%emt 00:00:34]} 8. Bg5 {[%clk
00:13:45]} {[%emt 00:00:40]} Be7 {[%clk 00:14:02]} {[%emt 00:00:38]} 9. Rc1
{[%clk 00:13:44]} {[%emt 00:00:12]} Bg6 {[%clk 00:13:58]} {[%emt 00:00:13]} 10.
Nb5 {[%clk 00:13:20]} {[%emt 00:00:35]} Nc6 {[%clk 00:14:00]} {[%emt 00:00:07]}
11. Bf4 {[%clk 00:13:14]} {[%emt 00:00:16]} Bb4+ {[%clk 00:13:34]} {[%emt
00:00:36]} 12. Bd2 {[%clk 00:12:07]} {[%emt 00:01:17]} Bxd2+ {[%clk 00:13:33]}
{[%emt 00:00:10]} 13. Kxd2 {[%clk 00:12:15]} {[%emt 00:00:03]} O-O {[%clk
00:12:38]} {[%emt 00:01:05]} 14. Bd3 {[%clk 00:10:52]} {[%emt 00:01:33]} a6
{[%clk 00:11:53]} {[%emt 00:00:56]} 15. Nc3 {[%clk 00:09:13]} {[%emt 00:01:49]}
Nxd4 {[%clk 00:11:00]} {[%emt 00:01:02]} 16. Qf4 {[%clk 00:08:52]} {[%emt
00:00:31]} e5 {[%clk 00:09:55]} {[%emt 00:01:15]} 17. Qxe5 {[%clk 00:08:30]}
{[%emt 00:00:32]} Nc6 {[%clk 00:10:01]} {[%emt 00:00:04]} 18. Qe2 {[%clk
00:07:03]} {[%emt 00:01:37]} Re8 {[%clk 00:09:54]} {[%emt 00:00:17]} 19. Qd1
{[%clk 00:06:54]} {[%emt 00:00:19]} d4 {[%clk 00:09:14]} {[%emt 00:00:50]} 20.
Nce2 {[%clk 00:06:04]} {[%emt 00:01:00]} Qa5+ {[%clk 00:09:04]} {[%emt
00:00:20]} 21. Kc2 {[%clk 00:05:33]} {[%emt 00:00:41]} Nb4+ {[%clk 00:08:56]}
{[%emt 00:00:18]} 0-1